000 00904nam a2200241 a 4500
001 53948
003 BD-RjUL
005 20211209080041.0
008 161029s1979 bg ||||| |||| 00| 0 ben d
035 _a(BD-RjUL)54070
040 _aBD-RjUL
_bben
_cBD-RjUL
041 _aben
082 _223
_a658
_bROA 1979
100 _aরশীদুজ্জামান, এ. বি. এম.
_9123285
245 1 0 _aআধুনিক ব্যবস্থাপনা /
_cএ. বি. এম. রশীদুজ্জামান
250 _a৩য় সং.
260 _aখুলনা :
_bফরিদা আখতার,
_c১৯৭৯
300 _a৬১২ পৃ. ;
_c২১ সেমি.
504 _aগ্রন্থপঞ্জি সংযুক্ত
650 _aসাধারন ব্যবস্থাপনা
_9123286
650 _aGeneral Management
_9123287
942 _2ddc
_cBK
999 _c53948
_d53948